Štúdium tepelnej degradácie trimetalov Cu-Al-AlMg vyhotovených zváraním výbuchom

Gespeichert in:
Bibliographische Detailangaben
1. Verfasser: Vaňo, Šimon (Verfasst von)
Weitere Verfasser: Marônek, Milan (Betreuung Doktorarbeit)
Format: Manuskript Buch
Sprache:Slowakisch
Veröffentlicht: 2025
Schlagworte:
Online-Zugang:http://is.stuba.sk/zp/portal_zp.pl?podrobnosti=183894
Tags: Tag hinzufügen
Keine Tags, Fügen Sie das erste Tag hinzu!

MARC

LEADER 00000ntm a22000003a 4500
001 stuzp104081
003 SK-STU
005 20250614212610.4
007 ta
008 150427s2015----xo-----f-mn---000-0-slo-d
040 |a STU  |b slo 
041 0 |a slo 
100 1 |a Vaňo, Šimon  |u 063000  |4 aut  |U MTF Materiálovotechnologická fakulta  |T MTF Ústav výrobných technológií  |X 111885  |U M3000  |Y 83  |7 111885 
242 0 1 |a Study of thermal degradation of Cu-Al-AlMg trimetals produced by explosion welding  |y eng 
245 1 0 |a Štúdium tepelnej degradácie trimetalov Cu-Al-AlMg vyhotovených zváraním výbuchom 
260 |c 2025 
650 4 |a intermetallic phases  |2 eng 
650 4 |a microstructural analysis  |2 eng 
650 4 |a thermal degradation  |2 eng 
650 4 |a trimetal Cu-Al-AlMg  |2 eng 
650 4 |a Explosion welding  |2 eng 
650 4 |a intermetalické fázy  |2 slo 
650 4 |a mikroštruktúrna analýza  |2 slo 
650 4 |a tepelná degradácia  |2 slo 
650 4 |a trimetal Cu-Al-AlMg  |2 slo 
650 4 |a zváranie výbuchom  |2 slo 
700 1 |a Marônek, Milan  |u 063100  |k Z1  |4 ths  |U MTF Ústav výrobných technológií  |T MTF Katedra zvárania a spájania materiálov  |X 290  |U M3100  |Y 162  |7 A000000290 
856 4 |u http://is.stuba.sk/zp/portal_zp.pl?podrobnosti=183894 
996 |c M* DP-15667  |l MMSKP  |s P  |a 0  |w stuzp104081_0001